[Event "RUS-chT blitz"]
[Site "Sochi"]
[Date "2015.05.10"]
[Round "7.32"]
[White "Potkin, Vladimir"]
[Black "Kajumov, Karim"]
[Result "1/2-1/2"]
[WhiteElo "2599"]
[BlackElo "2071"]
[PlyCount "152"]
[EventDate "2015.05.10"]
[EventType "team-swiss (blitz)"]
[EventRounds "11"]
[EventCountry "RUS"]
[SourceTitle "CBM 166 Extra"]
[Source "ChessBase"]
[SourceDate "2015.06.18"]
[SourceVersion "1"]
[SourceVersionDate "2015.06.18"]
[SourceQuality "1"]
[WhiteTeam "Moscow Our Heritage II"]
[BlackTeam "Moscow Law Faculty"]
[WhiteTeamCountry "RUS"]
[BlackTeamCountry "RUS"]

1. e4 e6 2. d4 d5 3. Nd2 Nf6 4. e5 Nfd7 5. Bd3 c5 6. c3 Nc6 7. Ne2 cxd4 8. cxd4 f6 9. exf6 Nxf6 10. Nf3 Bd6 11. 0-0 0-0 12. Bg5 Qc7 13. Bh4 e5 14. dxe5 Nxe5 15. Nxe5 Bxe5 16. Bg3 Bg4 17. f3 Bh5 18. Kh1 Rae8 19. Qb3 Bf7 20. Rac1 Qd6 21. Bxe5 Qxe5 22. Qb4 b6 23. Qd4 Qe3 24. Rfd1 Nd7 25. Bb5 Re7 26. Qxe3 Rxe3 27. Nd4 Nc5 28. Kg1 a5 29. Re1 Rxe1+ 30. Rxe1 Bg6 31. Re7 Rf4 32. Nc6 Kf8 33. Rc7 Bd3 34. Bxd3 Nxd3 35. Rb7 Nxb2 36. Rxb6 Nc4 37. Rb5 Rf6 38. Nxa5 Ne3 39. Nb3 Rg6 40. g3 Ra6 41. Ra5 Rc6 42. Kf2 Nc4 43. Rxd5 Ra6 44. Nc1 Rb6 45. f4 Rb1 46. Nd3 Ra1 47. Rd4 Rxa2+ 48. Kf3 Nb6 49. h4 Ke7 50. Ne5 Ra3+ 51. Kg4 Re3 52. h5 Nc8 53. Rd7+ Ke6 54. Rxg7 Nd6 55. Rxh7 Ne4 56. h6 Nf6+ 57. Kg5 Nxh7+ 58. Kg6 Nf8+ 59. Kg7 Ke7 60. g4 Ne6+ 61. Kg8 Nxf4 62. h7 Rh3 63. h8Q Rxh8+ 64. Kxh8 Kf6 65. Nf3 Nd3 66. Kh7 Nf4 67. g5+ Kf5 68. Kh6 Ke6 69. Nh4 Kf7 70. Nf5 Ke6 71. Ne3 Kf7 72. Ng4 Ke6 73. Nf2 Kf7 74. Ne4 Ke6 75. Ng3 Kf7 76. Nh5 Nxh5 1/2-1/2

[Event "Sterlitamak Rochinskiy op"]
[Site "Sterlitamak"]
[Date "2012.06.28"]
[Round "7"]
[White "Kajumov, Karim"]
[Black "Tukhvatullin, Alfir"]
[Result "1-0"]
[WhiteElo "1960"]
[BlackElo "1704"]
[PlyCount "55"]
[EventDate "2012.06.22"]
[EventType "swiss"]
[EventRounds "9"]
[EventCountry "RUS"]
[SourceTitle "EXT 2013"]
[Source "ChessBase"]
[SourceDate "2012.11.22"]
[SourceVersion "1"]
[SourceVersionDate "2012.11.22"]
[SourceQuality "1"]

1. e4 d5 2. exd5 Qxd5 3. Nc3 Qa5 4. d4 e5 5. dxe5 Bb4 6. Bd2 Nc6 7. f4 Nh6 8. Nf3 Bg4 9. h3 Bxf3 10. Qxf3 0-0-0 11. Bd3 Nd4 12. Qh5 f6 13. a3 Rhe8 14. 0-0 Nxc2 15. Bxc2 g6 16. Qxh6 Bf8 17. Qxh7 Rxd2 18. Qxg6 Red8 19. Bf5+ Kb8 20. Qxf6 Qc5+ 21. Kh1 Be7 22. Ne4 Rg8 23. Nxc5 Bxf6 24. Be4 Bh4 25. f5 Bg3 26. f6 b6 27. f7 Rf8 28. Ne6 1-0

[Event "Sterlitamak Rochinskiy op"]
[Site "Sterlitamak"]
[Date "2012.06.24"]
[Round "3"]
[White "Kajumov, Karim"]
[Black "Akhunova, Syumbel"]
[Result "1/2-1/2"]
[WhiteElo "1960"]
[BlackElo "1728"]
[PlyCount "79"]
[EventDate "2012.06.22"]
[EventType "swiss"]
[EventRounds "9"]
[EventCountry "RUS"]
[SourceTitle "EXT 2013"]
[Source "ChessBase"]
[SourceDate "2012.11.22"]
[SourceVersion "1"]
[SourceVersionDate "2012.11.22"]
[SourceQuality "1"]

1. e4 e6 2. d4 d5 3. Nc3 Nf6 4. e5 Nfd7 5. f4 c5 6. Nf3 Nc6 7. Be3 Qb6 8. Na4 Qa5+ 9. c3 b5 10. Nxc5 Nxc5 11. dxc5 b4 12. Nd4 Bd7 13. Nb3 Qc7 14. Bd3 bxc3 15. bxc3 Na5 16. Qg4 g6 17. Qf3 Nxb3 18. axb3 Bxc5 19. Rc1 0-0 20. 0-0 Bxe3+ 21. Qxe3 Qb6 22. Qxb6 axb6 23. Ra1 Rfc8 24. c4 Bc6 25. g4 dxc4 26. Bxc4 Rxa1 27. Rxa1 b5 28. Be2 Bd5 29. Bxb5 Bxb3 30. Bf1 Bd5 31. Kf2 Rc2+ 32. Be2 Bc4 33. Re1 Bxe2 34. Rxe2 Rc4 35. Kf3 Kg7 36. Re3 h6 37. Rd3 g5 38. fxg5 hxg5 39. Re3 Kg6 40. Kg3 1/2-1/2

[Event "Ufa-ch FL"]
[Site "Ufa"]
[Date "2011.11.27"]
[Round "7.6"]
[White "Kajumov, Karim"]
[Black "Zijatdinov, Ramil"]
[Result "1-0"]
[WhiteElo "1998"]
[BlackElo "1797"]
[PlyCount "53"]
[EventDate "2011.11.20"]
[EventType "swiss"]
[EventRounds "9"]
[EventCountry "RUS"]
[SourceTitle "EXT 2022"]
[Source "ChessBase"]
[SourceDate "2021.10.06"]
[SourceVersion "1"]
[SourceVersionDate "2021.10.06"]
[SourceQuality "1"]

1. e4 d5 2. exd5 Qxd5 3. Nc3 Qa5 4. d4 c6 5. Bc4 Nf6 6. Bd2 Qc7 7. Qe2 b5 8. Bd3 e6 9. Nf3 a6 10. 0-0 Be7 11. a4 Bb7 12. Ne4 Nxe4 13. Qxe4 Nd7 14. Bf4 Bd6 15. Bxd6 Qxd6 16. axb5 Nf6 17. Qe5 Qd7 18. bxa6 Bc8 19. Qc5 Qc7 20. Ne5 Bd7 21. b4 Nd5 22. c4 Nf4 23. Be4 f6 24. Nxc6 Bxc6 25. Bxc6+ Kf7 26. Bxa8 Ne2+ 27. Kh1 1-0

[Event "Ufa op"]
[Site "Ufa"]
[Date "2010.11.28"]
[Round "9"]
[White "Darmin, Dmitry"]
[Black "Kajumov, Karim"]
[Result "1-0"]
[WhiteElo "2364"]
[BlackElo "1873"]
[PlyCount "35"]
[EventDate "2010.11.20"]
[EventType "swiss"]
[EventRounds "9"]
[EventCountry "RUS"]
[SourceTitle "CBM 139 Extra"]
[Source "ChessBase"]
[SourceDate "2011.01.05"]
[SourceVersion "1"]
[SourceVersionDate "2011.01.05"]
[SourceQuality "1"]

1. e4 c5 2. Nf3 e6 3. c3 Nf6 4. e5 Nd5 5. d4 cxd4 6. cxd4 d6 7. a3 a5 8. Bd3 Be7 9. 0-0 0-0 10. Qe2 Nc6 11. Rd1 b6 12. Qc2 Bb7 13. Bxh7+ Kh8 14. Bd3 Rc8 15. Qe2 g6 16. Qd2 Kg8 17. Qh6 Re8 18. Ng5 1-0

[Event "Ufa op"]
[Site "Ufa"]
[Date "2010.11.26"]
[Round "7"]
[White "Kajumov, Karim"]
[Black "Ardashirov, Akhtjam"]
[Result "1-0"]
[WhiteElo "1873"]
[BlackElo "2094"]
[PlyCount "87"]
[EventDate "2010.11.20"]
[EventType "swiss"]
[EventRounds "9"]
[EventCountry "RUS"]
[SourceTitle "CBM 139 Extra"]
[Source "ChessBase"]
[SourceDate "2011.01.05"]
[SourceVersion "1"]
[SourceVersionDate "2011.01.05"]
[SourceQuality "1"]

1. e4 d5 2. exd5 c6 3. dxc6 Nxc6 4. Bb5 Qd5 5. Bxc6+ Qxc6 6. Nf3 Bg4 7. 0-0 e6 8. d4 Rd8 9. Nbd2 Nf6 10. c3 Bd6 11. Qe2 b5 12. Re1 Nd5 13. Ne4 Be7 14. Ne5 Bxe2 15. Nxc6 Bd3 16. Nxd8 Kxd8 17. Bd2 a5 18. Nc5 Bxc5 19. dxc5 Kd7 20. a4 Kc6 21. b4 axb4 22. cxb4 bxa4 23. Rxa4 Rb8 24. Rc1 e5 25. f3 h6 26. Ra3 Bb5 27. Ra7 Nc7 28. Bc3 f6 29. Kf2 Rd8 30. Rc2 Rd3 31. Rd2 g6 32. Rxd3 Bxd3 33. g4 Nb5 34. Ra6+ Kd5 35. Bd2 Nd4 36. Rxf6 h5 37. gxh5 gxh5 38. Rd6+ Kc4 39. Rh6 Be2 40. Rxh5 e4 41. c6 Bxf3 42. c7 Bg4 43. Rh8 Kd3 44. Be3 1-0

[Event "Ufa op"]
[Site "Ufa"]
[Date "2010.11.23"]
[Round "4"]
[White "Zijatdinov, Ramil"]
[Black "Kajumov, Karim"]
[Result "0-1"]
[WhiteElo "1767"]
[BlackElo "1873"]
[PlyCount "86"]
[EventDate "2010.11.20"]
[EventType "swiss"]
[EventRounds "9"]
[EventCountry "RUS"]
[SourceTitle "CBM 139 Extra"]
[Source "ChessBase"]
[SourceDate "2011.01.05"]
[SourceVersion "1"]
[SourceVersionDate "2011.01.05"]
[SourceQuality "1"]

1. d4 Nf6 2. c4 g6 3. Nc3 Bg7 4. g3 0-0 5. Bg2 d6 6. Nf3 Nbd7 7. 0-0 e5 8. e4 c6 9. h3 Qb6 10. Re1 exd4 11. Nxd4 Re8 12. Nb3 Ne5 13. Be3 c5 14. Bf1 Be6 15. Nd5 Bxd5 16. exd5 Ne4 17. Kg2 f5 18. Nd2 Qxb2 19. Nxe4 fxe4 20. Qa4 Nf3 21. Rec1 Qf6 22. Rab1 Re7 23. Be2 h5 24. Qd1 Nd4 25. Qd2 Rf8 26. Rf1 Nf3 27. Qc1 Qf5 28. Bf4 Be5 29. Bxe5 Nxe5 30. Rb3 Nf3 31. Qb2 b6 32. Re3 Ng5 33. g4 Qf4 34. Qc3 h4 35. a4 Ref7 36. Bd1 Re7 37. Kg1 Rff7 38. Be2 Qe5 39. Qxe5 Rxe5 40. f4 exf3 41. Rxe5 dxe5 42. Bxf3 Nxf3+ 43. Kg2 e4 0-1

[Event "Ufa Siamidi Memorial op"]
[Site "Ufa"]
[Date "2010.10.24"]
[Round "7"]
[White "Kajumov, Karim"]
[Black "Tagirov, Kajum K"]
[Result "1-0"]
[WhiteElo "1808"]
[BlackElo "1866"]
[PlyCount "89"]
[EventDate "2010.10.18"]
[EventType "swiss"]
[EventRounds "9"]
[EventCountry "RUS"]
[SourceTitle "EXT 2011"]
[Source "ChessBase"]
[SourceDate "2010.11.26"]
[SourceVersion "1"]
[SourceVersionDate "2010.11.26"]
[SourceQuality "1"]

1. e4 c5 2. Nf3 d6 3. d4 cxd4 4. Nxd4 Nf6 5. Nc3 g6 6. Be3 Bg7 7. f3 Nc6 8. Qd2 0-0 9. Bc4 Bd7 10. 0-0-0 Rb8 11. h4 Na5 12. Bb3 b5 13. Bh6 Nc4 14. Qg5 e5 15. Bxg7 Kxg7 16. Ndxb5 Bxb5 17. Nxb5 Rxb5 18. Bxc4 Rb6 19. h5 h6 20. Qg3 g5 21. Qe1 Qb8 22. Bb3 Rc8 23. g3 Nd7 24. f4 Nc5 25. Kb1 Ne6 26. fxg5 Nxg5 27. Rf1 Qc7 28. Qf2 Qe7 29. Qf5 Rc7 30. Qg4 Qe8 31. Rf5 f6 32. Rf2 Qc8 33. Rf5 a5 34. Rdf1 a4 35. Bxa4 Qa6 36. Bb3 Rxb3 37. axb3 Ra7 38. Kc1 Qa1+ 39. Kd2 Qxb2 40. Rxf6 Rc7 41. Rg6+ Kh7 42. Rc1 Qd4+ 43. Ke2 Nxe4 44. Rxh6+ Kxh6 45. Qg6# 1-0

[Event "Ufa Siamidi Memorial op"]
[Site "Ufa"]
[Date "2010.10.18"]
[Round "1"]
[White "Morozkin, Nikita"]
[Black "Kajumov, Karim"]
[Result "1-0"]
[WhiteElo "2068"]
[BlackElo "1808"]
[PlyCount "75"]
[EventDate "2010.10.18"]
[EventType "swiss"]
[EventRounds "9"]
[EventCountry "RUS"]
[SourceTitle "EXT 2011"]
[Source "ChessBase"]
[SourceDate "2010.11.26"]
[SourceVersion "1"]
[SourceVersionDate "2010.11.26"]
[SourceQuality "1"]

1. d4 Nf6 2. c4 g6 3. Nc3 Bg7 4. e4 d6 5. Nf3 0-0 6. Be2 e5 7. d5 Na6 8. Bg5 h6 9. Bh4 g5 10. Bg3 Nh5 11. Nd2 Nf4 12. 0-0 Nxe2+ 13. Qxe2 f5 14. exf5 Bxf5 15. Nde4 Qe7 16. a3 Nc5 17. Nxc5 dxc5 18. Ne4 b6 19. Rfe1 Qf7 20. Rad1 Rad8 21. h4 Qg6 22. b4 gxh4 23. Bxh4 Bg4 24. Qe3 Rd7 25. Qg3 Rdf7 26. f3 Rf4 27. Be7 R8f7 28. d6 cxd6 29. Rxd6 Qf5 30. Rd8+ Kh7 31. Nd6 Qh5 32. Nxf7 Qxf7 33. fxg4 Qxe7 34. Qxf4 Qxd8 35. Qe4+ Kg8 36. bxc5 bxc5 37. Rb1 Qf8 38. Qd5+ 1-0

[Event "Ufa Young Cup op"]
[Site "Ufa"]
[Date "2010.10.11"]
[Round "7.2"]
[White "Kajumov, Karim"]
[Black "Ivanov, Vladislav"]
[Result "0-1"]
[WhiteElo "1838"]
[BlackElo "1868"]
[PlyCount "120"]
[EventDate "2010.10.08"]
[EventType "swiss"]
[EventRounds "9"]
[EventCountry "RUS"]
[SourceTitle "EXT 2022"]
[Source "ChessBase"]
[SourceDate "2021.10.06"]
[SourceVersion "1"]
[SourceVersionDate "2021.10.06"]
[SourceQuality "1"]

1. e4 c6 2. d4 d5 3. Nc3 dxe4 4. Nxe4 Bf5 5. Ng3 Bg6 6. h4 h6 7. Nf3 Nd7 8. h5 Bh7 9. Bd3 Bxd3 10. Qxd3 e6 11. Bd2 Ngf6 12. 0-0-0 Be7 13. c4 0-0 14. Ne4 Qc7 15. Rdg1 Rad8 16. g4 Nxe4 17. Qxe4 Nf6 18. Qe2 Nh7 19. Kb1 Ng5 20. Nxg5 Bxg5 21. Bxg5 hxg5 22. Qe3 Qf4 23. Qxf4 gxf4 24. Rd1 Rd7 25. Rd2 b5 26. cxb5 cxb5 27. f3 Rfd8 28. Rhd1 f6 29. Kc2 Kf7 30. Kc3 a5 31. b3 Rd5 32. a3 R8d7 33. b4 a4 34. Re1 R7d6 35. Re4 e5 36. Rd3 Kg8 37. Kc2 Rd8 38. Rc3 Rxd4 39. Rxd4 Rxd4 40. Rc5 e4 41. fxe4 Rxe4 42. Rxb5 Re2+ 43. Kd1 f3 44. Rf5 Re3 45. Rf4 Rxa3 46. b5 Ra1+ 47. Kd2 a3 48. Kc2 a2 49. Kb2 Rb1+ 50. Kxa2 Rxb5 51. Rxf3 Kh7 52. Ka3 Kh6 53. Rh3 Rb1 54. Rg3 Kg5 55. Ka4 Rh1 56. Kb4 Rh4 57. Kc3 Rxg4 58. Rh3 Rh4 59. Rg3+ Kh6 60. Rg6+ Kh7 0-1

[Event "Ufa Young Cup op"]
[Site "Ufa"]
[Date "2010.10.11"]
[Round "8.3"]
[White "Valiullin, Albert"]
[Black "Kajumov, Karim"]
[Result "0-1"]
[WhiteElo "1886"]
[BlackElo "1838"]
[PlyCount "116"]
[EventDate "2010.10.08"]
[EventType "swiss"]
[EventRounds "9"]
[EventCountry "RUS"]
[SourceTitle "EXT 2022"]
[Source "ChessBase"]
[SourceDate "2021.10.06"]
[SourceVersion "1"]
[SourceVersionDate "2021.10.06"]
[SourceQuality "1"]

1. d4 Nf6 2. c4 g6 3. Nc3 Bg7 4. e4 d6 5. f3 0-0 6. Be3 Nc6 7. Nge2 a6 8. Nc1 e5 9. Nb3 exd4 10. Nxd4 Ne5 11. Be2 c5 12. Nc2 Be6 13. Nd5 b5 14. cxb5 axb5 15. 0-0 Nxd5 16. exd5 Bd7 17. Qc1 Re8 18. Bg5 f6 19. Bh4 Ra4 20. Bf2 Qa8 21. Ne3 Rxa2 22. Rxa2 Qxa2 23. g4 Bh6 24. Rd1 Qb3 25. Qc2 Qxc2 26. Nxc2 Nxg4 27. Bxb5 Bxb5 28. fxg4 Ba4 29. Re1 Rxe1+ 30. Nxe1 Bb3 31. Bg3 Bf8 32. Nd3 Bxd5 33. Nf4 Bb3 34. Kf2 Kf7 35. Ke3 d5 36. Nd3 Bc4 37. Nf4 Bd6 38. Nxd5 Bxg3 39. Nb6 Bxh2 40. Nxc4 Be5 41. b3 Bd4+ 42. Ke4 Bg1 43. Kd5 h5 44. gxh5 gxh5 45. Nd6+ Kg6 46. Ke4 h4 47. Kf4 h3 48. Ne4 h2 49. Ng3 Bd4 50. Kf3 Be5 51. Nh1 Kf5 52. Nf2 Ke6 53. Ke4 f5+ 54. Kd3 Kd5 55. Nh1 f4 56. Nf2 Bd4 57. Nh1 Be3 58. Ke2 Kd4 0-1

[Event "Anapa op-B"]
[Site "Anapa"]
[Date "2010.09.08"]
[Round "7"]
[White "Baraeva, Marina"]
[Black "Kajumov, Karim"]
[Result "1-0"]
[WhiteElo "2098"]
[BlackElo "1827"]
[PlyCount "47"]
[EventDate "2010.08.31"]
[EventType "swiss"]
[EventRounds "9"]
[EventCountry "RUS"]
[SourceTitle "EXT 2013"]
[Source "ChessBase"]
[SourceDate "2012.11.22"]
[SourceVersion "1"]
[SourceVersionDate "2012.11.22"]
[SourceQuality "1"]

1. d4 Nf6 2. c4 g6 3. Nc3 Bg7 4. e4 d6 5. Be2 0-0 6. Nf3 e5 7. Be3 Nc6 8. d5 Ne7 9. Nd2 Nd7 10. g4 f5 11. gxf5 gxf5 12. Bg5 Nf6 13. Qc2 c6 14. Rg1 Kh8 15. 0-0-0 cxd5 16. exd5 a6 17. Nf1 Bd7 18. Ng3 b5 19. Qd2 b4 20. Nb1 Qa5 21. b3 Ng6 22. Bxf6 Bxf6 23. Nh5 Qc5 24. Rxg6 1-0

[Event "Anapa op-B"]
[Site "Anapa"]
[Date "2010.09.07"]
[Round "6"]
[White "Kajumov, Karim"]
[Black "Pronin, Vladimir"]
[Result "1-0"]
[WhiteElo "1827"]
[BlackElo "2065"]
[PlyCount "63"]
[EventDate "2010.08.31"]
[EventType "swiss"]
[EventRounds "9"]
[EventCountry "RUS"]
[SourceTitle "EXT 2013"]
[Source "ChessBase"]
[SourceDate "2012.11.22"]
[SourceVersion "1"]
[SourceVersionDate "2012.11.22"]
[SourceQuality "1"]

1. e4 c5 2. Nf3 e6 3. Nc3 a6 4. d4 cxd4 5. Nxd4 Qc7 6. Bd3 Nc6 7. Be3 Nf6 8. 0-0 d6 9. f4 e5 10. Nxc6 Qxc6 11. Qf3 Be7 12. Nd5 Nxd5 13. exd5 Qc7 14. fxe5 0-0 15. Qe4 g6 16. Bh6 Rd8 17. Qf4 Bf8 18. Bxf8 Rxf8 19. e6 f6 20. c4 b6 21. b4 a5 22. a3 axb4 23. axb4 Rxa1 24. Rxa1 Kg7 25. Rc1 Qe7 26. Qd4 Qc7 27. c5 bxc5 28. bxc5 dxc5 29. Qxc5 Qxc5+ 30. Rxc5 Re8 31. Rc7+ Kg8 32. Bb5 1-0

[Event "Bashkortostan-ch"]
[Site "Sterlitamak"]
[Date "2010.02.05"]
[Round "8"]
[White "Garifullin, Ildar"]
[Black "Kajumov, Karim"]
[Result "1/2-1/2"]
[WhiteElo "1852"]
[BlackElo "1808"]
[PlyCount "107"]
[EventDate "2010.02.02"]
[EventType "swiss"]
[EventRounds "9"]
[EventCountry "RUS"]
[SourceTitle "CBM 134 Extra"]
[Source "ChessBase"]
[SourceDate "2010.03.03"]
[SourceVersion "1"]
[SourceVersionDate "2010.03.03"]
[SourceQuality "1"]

1. e4 c5 2. Nc3 a6 3. a4 e6 4. g3 b6 5. Bg2 Bb7 6. f4 d5 7. e5 Ne7 8. Nf3 Nf5 9. 0-0 Nc6 10. g4 Nfd4 11. Ne2 Nxe2+ 12. Qxe2 Qd7 13. c3 c4 14. d3 Bc5+ 15. Be3 cxd3 16. Qxd3 Na5 17. Bxc5 bxc5 18. Nd2 c4 19. Qc2 h5 20. f5 0-0-0 21. g5 Qe7 22. h4 Qc5+ 23. Kh1 Qe3 24. Nf3 d4 25. Nxd4 Qxe5 26. Bxb7+ Nxb7 27. Qg2 Qd5 28. fxe6 fxe6 29. Qxd5 exd5 30. Rf7 Rd7 31. Rxd7 Kxd7 32. Re1 Re8 33. Rxe8 Kxe8 34. Ne6 Kf7 35. Nc7 Nc5 36. Nxd5 Nxa4 37. Nb4 Nxb2 38. Nxa6 Nd1 39. Kg2 Nxc3 40. Kf3 Nd5 41. Nc5 Ne7 42. Nd7 c3 43. Ke2 Nf5 44. Ne5+ Ke6 45. Ng6 c2 46. Kd2 Nd4 47. Nf4+ Kf5 48. Nxh5 g6 49. Ng3+ Kg4 50. h5 gxh5 51. g6 Ne6 52. Ne4 h4 53. Kxc2 Kf4 54. Nf2 1/2-1/2